[Event "5. Torneo de Promoción de Almansa"]
[Site "Almansa ESP"]
[Date "2010.08.09"]
[Round "1.1"]
[White "Castella Garcia, Fausto"]
[Black "Valiente Roy, Jose Javier"]
[Result "1-0"]
[WhiteElo "2334"]
[BlackElo "2103"]
[PlyCount "97"]
[EventDate "2010.08.09"]
[EventType "swiss"]
[EventRounds "9"]
[EventCountry "ESP"]
[Source "lmi"]
[SourceDate "2010.08.09"]

1. e4 Nf6 2. e5 Nd5 3. Nc3 Nxc3 4. dxc3 d5 5. c4 d4 6. f4 c5 7. Bd3 Nc6 8. Nf3
Bg4 9. O-O e6 10. a3 Be7 11. h3 Bxf3 12. Qxf3 Qc7 13. Bd2 a6 14. Rab1 a5 15. f5
Nxe5 16. Qg3 O-O-O 17. fxe6 fxe6 18. Bxa5 Qxa5 19. Qxe5 Bf6 20. Qxe6+ Kc7 21.
b4 cxb4 22. Rf5 Qb6 23. Qxb6+ Kxb6 24. Rxb4+ Kc7 25. Rc5+ Kd6 26. Rd5+ Kc7 27.
Rdb5 Rb8 28. Be4 b6 29. Ra4 g6 30. Ra7+ Kd6 31. Rd5+ Ke6 32. c5 bxc5 33. Ra6+
Ke7 34. Rxc5 Rhc8 35. Ra7+ Kd6 36. Rxc8 Rxc8 37. Rxh7 g5 38. a4 Ke5 39. Bd3 Ra8
40. Bb5 Rc8 41. Bd3 Ra8 42. Bb5 Rc8 43. a5 Rxc2 44. a6 Rc1+ 45. Kf2 Kd5 46. a7
Ra1 47. Bd3 Be5 48. Be2 Ra2 49. a8=Q+ 1-0

[Event "5. Torneo de Promoción de Almansa"]
[Site "Almansa ESP"]
[Date "2010.08.09"]
[Round "1.2"]
[White "O`neill Y Daneiko, Jose Antonio"]
[Black "Fernandez Barrera, Victor"]
[Result "1-0"]
[WhiteElo "2102"]
[BlackElo "2326"]
[PlyCount "73"]
[EventDate "2010.08.09"]
[EventType "swiss"]
[EventRounds "9"]
[EventCountry "ESP"]
[Source "lmi"]
[SourceDate "2010.08.09"]

1. e4 c5 2. Nf3 Nc6 3. d4 cxd4 4. Nxd4 g6 5. c4 Bg7 6. Be3 Nh6 7. Be2 O-O 8.
Nc3 f5 9. Qd2 f4 10. Bxf4 Bxd4 11. Bxh6 Bxf2+ 12. Kd1 Rf7 13. Rf1 d6 14. Rc1
Be6 15. Be3 Bxe3 16. Qxe3 Ne5 17. Rxf7 Bxf7 18. b3 Qa5 19. Rc2 Rc8 20. Kc1 a6
21. Kb2 b5 22. Nd5 Bxd5 23. exd5 bxc4 24. Bxc4 Rc5 25. g4 Qc7 26. Qxe5 dxe5 27.
d6+ Kg7 28. dxc7 Rxc7 29. Bxa6 Rd7 30. a4 Kf6 31. a5 Ra7 32. Rc6+ Kg5 33. b4 e4
34. Bc8 e3 35. a6 Kf4 36. Bb7 e5 37. Rc4+ 1-0

[Event "5. Torneo de Promoción de Almansa"]
[Site "Almansa ESP"]
[Date "2010.08.09"]
[Round "1.3"]
[White "Bolado Saez, Sergio"]
[Black "Del Valle Domenech, Rafael"]
[Result "1-0"]
[WhiteElo "2308"]
[BlackElo "2102"]
[PlyCount "111"]
[EventDate "2010.08.09"]
[EventType "swiss"]
[EventRounds "9"]
[EventCountry "ESP"]
[Source "lmi"]
[SourceDate "2010.08.09"]

1. d4 Nf6 2. Nf3 g6 3. c4 c5 4. Nc3 cxd4 5. Nxd4 Bg7 6. g3 Nc6 7. Bg2 O-O 8.
O-O Nxd4 9. Qxd4 d6 10. Qd2 Qc7 11. b3 Bd7 12. Bb2 Rac8 13. Rfd1 a6 14. a4 Qb6
15. Qc2 Bc6 16. a5 Qc5 17. e4 Qh5 18. h3 Bd7 19. g4 Qh4 20. f3 h5 21. Qf2 Qxf2+
22. Kxf2 hxg4 23. hxg4 Bc6 24. Rab1 Nd7 25. f4 f5 26. exf5 Bxg2 27. Kxg2 gxf5
28. Nd5 Rf7 29. gxf5 Rcf8 30. Re1 Re8 31. Kf3 Bxb2 32. Rxb2 Rh7 33. Rg2+ Kf7
34. Rge2 Kf8 35. Nc7 Rc8 36. Ne6+ Ke8 37. Ng5 Rg7 38. Re6 Kf8 39. Rh6 Rg8 40.
Rh7 Ne5+ 41. fxe5 Rxg5 42. Kf4 Rg7 43. Rxg7 Kxg7 44. exd6 exd6 45. Re7+ Kf6 46.
Re6+ Kf7 47. Rxd6 Rc7 48. Ke5 Re7+ 49. Kd5 Rc7 50. b4 Re7 51. c5 Rc7 52. c6
bxc6+ 53. Rxc6 Rb7 54. Rb6 Ra7 55. Kc5 Ra8 56. Kc6 1-0

[Event "5. Torneo de Promoción de Almansa"]
[Site "Almansa ESP"]
[Date "2010.08.09"]
[Round "1.4"]
[White "Garcia Muñoz, Raul"]
[Black "Sanchez Jerez, Emilio Miguel"]
[Result "0-1"]
[WhiteElo "2096"]
[BlackElo "2301"]
[PlyCount "61"]
[EventDate "2010.08.09"]
[EventType "swiss"]
[EventRounds "9"]
[EventCountry "ESP"]
[Source "lmi"]
[SourceDate "2010.08.09"]

1. d4 g6 2. c4 Bg7 3. Nc3 d6 4. e4 Nc6 5. d5 Nd4 6. Nge2 c5 7. Be3 Qb6 8. Rb1
Bg4 9. f3 Bd7 10. b4 Nxe2 11. Nxe2 Qa6 12. bxc5 dxc5 13. Bxc5 Qxa2 14. Bd4 Bxd4
15. Nxd4 b6 16. Qb3 Qa6 17. Qb4 Qc8 18. Nb3 Rb8 19. Nc5 a5 20. Qb2 Nf6 21. Nxd7
Kxd7 22. Qb5+ Kd6 23. Qb2 Nd7 24. f4 f6 25. g3 Qc5 26. Qb5 Rhc8 27. Qxc5+ Nxc5
28. Bg2 a4 29. Kf2 Nb3 30. Bf1 Nd2 31. e5+ 0-1

[Event "5. Torneo de Promoción de Almansa"]
[Site "Almansa ESP"]
[Date "2010.08.09"]
[Round "1.5"]
[White "Lujan, Carolina"]
[Black "Mengual Bolo, Carlos"]
[Result "1-0"]
[WhiteElo "2296"]
[BlackElo "2096"]
[PlyCount "65"]
[EventDate "2010.08.09"]
[EventType "swiss"]
[EventRounds "9"]
[EventCountry "ESP"]
[Source "lmi"]
[SourceDate "2010.08.09"]

1. e4 c5 2. Nf3 d6 3. d4 cxd4 4. Nxd4 Nf6 5. Nc3 g6 6. g3 Bg7 7. Bg2 O-O 8. O-O
a6 9. a4 Qc7 10. Nd5 Nxd5 11. exd5 e5 12. dxe6 fxe6 13. Be3 Nc6 14. c4 Bd7 15.
Nf3 Rad8 16. Rc1 Bc8 17. Qb3 Rde8 18. Bb6 Qe7 19. Qa3 Rf5 20. b4 d5 21. Bc5 Qd8
22. Nh4 Rh5 23. Bf3 Rxh4 24. gxh4 Be5 25. Bg2 Qxh4 26. Qh3 Qf6 27. b5 Nd4 28.
Bxd4 Bxd4 29. cxd5 axb5 30. axb5 Bd7 31. Rc7 Re7 32. Rxb7 Qf7 33. Rxd7 1-0

[Event "5. Torneo de Promoción de Almansa"]
[Site "Almansa ESP"]
[Date "2010.08.09"]
[Round "1.6"]
[White "Benitez Fernandez, Martin Jesus"]
[Black "Berrocal, Jorge"]
[Result "1/2-1/2"]
[WhiteElo "2085"]
[BlackElo "2293"]
[PlyCount "101"]
[EventDate "2010.08.09"]
[EventType "swiss"]
[EventRounds "9"]
[EventCountry "ESP"]
[Source "lmi"]
[SourceDate "2010.08.09"]

1. e4 e6 2. d4 d5 3. Nc3 Nf6 4. Bg5 Be7 5. e5 Nfd7 6. h4 c5 7. Nf3 Nc6 8. Bb5
cxd4 9. Nxd4 Bxg5 10. Nxc6 bxc6 11. Bxc6 Rb8 12. hxg5 Qxg5 13. Qd4 O-O 14. Bxd7
Bxd7 15. O-O Qg6 16. Qxa7 Bc6 17. Qd4 Rxb2 18. Nd1 Rb7 19. Ne3 Rfb8 20. Qc5 Ba4
21. Rfd1 h5 22. Rd4 Be8 23. c4 dxc4 24. Rxc4 Bb5 25. Rb4 Kh7 26. Rab1 Ba6 27.
Rxb7 Rxb7 28. Rxb7 Bxb7 29. a4 Qb1+ 30. Kh2 Qa2 31. Qc2+ Qxc2 32. Nxc2 f6 33.
exf6 gxf6 34. a5 Kg6 35. Kg3 Kf5 36. Kh4 Ke5 37. Ne3 f5 38. Kxh5 Kf4 39. Kg6
Ke4 40. Kg5 Bc8 41. Nc4 Ba6 42. Nd6+ Ke5 43. Nf7+ Kd5 44. Kf4 Bf1 45. g3 Kd4
46. Ne5 Bb5 47. f3 Kd5 48. g4 fxg4 49. fxg4 Kd6 50. g5 Be8 51. a6 1/2-1/2

[Event "5. Torneo de Promoción de Almansa"]
[Site "Almansa ESP"]
[Date "2010.08.09"]
[Round "1.7"]
[White "Pons Carreras, David"]
[Black "Lara Lopez, Sergio"]
[Result "1-0"]
[WhiteElo "2292"]
[BlackElo "2064"]
[PlyCount "93"]
[EventDate "2010.08.09"]
[EventType "swiss"]
[EventRounds "9"]
[EventCountry "ESP"]
[Source "lmi"]
[SourceDate "2010.08.09"]

1. Nf3 d5 2. d4 Nf6 3. c4 c6 4. e3 e6 5. Nbd2 Bd6 6. Bd3 Nbd7 7. e4 dxe4 8.
Nxe4 Nxe4 9. Bxe4 Nf6 10. Bc2 Qa5+ 11. Bd2 Bb4 12. O-O Bxd2 13. Nxd2 h5 14. c5
Qc7 15. Nc4 Qf4 16. Qd3 h4 17. Qe3 Nd5 18. Qxf4 Nxf4 19. Rfe1 h3 20. g3 Nd5 21.
f4 O-O 22. Be4 Nc7 23. Rad1 Rd8 24. Nd6 Rb8 25. Rd2 Bd7 26. Bf3 Ne8 27. Nc4 Nf6
28. Ne5 Be8 29. b4 Nd5 30. a3 Ra8 31. Nc4 Nc7 32. Nd6 Rab8 33. Bg4 Nb5 34. Nxb5
cxb5 35. Bxh3 Bc6 36. Bg2 Rd7 37. f5 Bxg2 38. fxe6 fxe6 39. Kxg2 Kf7 40. Rf2+
Ke7 41. Ref1 Kd8 42. Rf7 Re7 43. Rf8+ Kc7 44. R1f7 Rxf7 45. Rxf7+ Kc6 46. Rxg7
Rd8 47. h4 1-0

[Event "5. Torneo de Promoción de Almansa"]
[Site "Almansa ESP"]
[Date "2010.08.09"]
[Round "1.8"]
[White "Navarrete Espi, Samuel"]
[Black "Chueca Forcen, Alberto"]
[Result "1/2-1/2"]
[WhiteElo "2057"]
[BlackElo "2280"]
[PlyCount "119"]
[EventDate "2010.08.09"]
[EventType "swiss"]
[EventRounds "9"]
[EventCountry "ESP"]
[Source "lmi"]
[SourceDate "2010.08.09"]

1. e4 c6 2. d4 d5 3. e5 c5 4. c3 Nc6 5. f4 cxd4 6. cxd4 Bf5 7. Nc3 e6 8. Be3
Nh6 9. Be2 Qb6 10. Qd2 Rc8 11. Nf3 Bg4 12. h3 Bxf3 13. Bxf3 Nf5 14. Rd1 Nxe3
15. Qxe3 Qxb2 16. Rb1 Qc2 17. Rc1 Nxd4 18. O-O Nf5 19. Qxa7 Bc5+ 20. Qxc5 Rxc5
21. Rxc2 Ne3 22. Rcc1 Nxf1 23. Kxf1 O-O 24. Ne2 Rxc1+ 25. Nxc1 Rc8 26. Nb3 Rc2
27. a4 Rc4 28. f5 exf5 29. Bxd5 Rxa4 30. Bxb7 Rb4 31. Bd5 Rb5 32. Bc4 Rxe5 33.
Kf2 g6 34. Nd2 Kg7 35. Nf3 Rc5 36. Be2 f4 37. Nd4 Rd5 38. Nb3 g5 39. Bf3 Re5
40. Nd4 Kg6 41. Nc6 Re8 42. Nb4 h5 43. Nd5 Re5 44. Nc3 f5 45. Ne2 Rc5 46. h4
Rc2 47. hxg5 Kxg5 48. Ke1 h4 49. Nd4 Rc4 50. Ne2 Ra4 51. Ng1 Kf6 52. Nh3 Ke5
53. Ke2 Ra1 54. Kd2 Rb1 55. Kd3 Re1 56. Kd2 Re3 57. Bc6 Ra3 58. Bf3 Re3 59. Bc6
Ra3 60. Bf3 1/2-1/2

[Event "5. Torneo de Promoción de Almansa"]
[Site "Almansa ESP"]
[Date "2010.08.09"]
[Round "1.9"]
[White "Villuendas Valero, Adrian"]
[Black "Cabello Rodriguez, Sandro"]
[Result "1/2-1/2"]
[WhiteElo "2261"]
[BlackElo "2053"]
[PlyCount "85"]
[EventDate "2010.08.09"]
[EventType "swiss"]
[EventRounds "9"]
[EventCountry "ESP"]
[Source "lmi"]
[SourceDate "2010.08.09"]

1. d4 e6 2. e4 d5 3. Nd2 Nc6 4. Ngf3 Nf6 5. e5 Nd7 6. Bb5 Be7 7. O-O a5 8. c3
Na7 9. Bd3 c5 10. Re1 Nc6 11. Nf1 c4 12. Bc2 b5 13. Ng3 h5 14. Be3 h4 15. Ne2
g5 16. h3 Rg8 17. Nh2 f5 18. exf6 Nxf6 19. Qc1 g4 20. hxg4 Nxg4 21. Nxg4 Rxg4
22. Nf4 Kf7 23. Qd1 Qg8 24. Qf3 Ke8 25. Bd2 Ra7 26. Nxe6 Bxe6 27. Rxe6 Qxe6 28.
Bf5 Rxg2+ 29. Kxg2 Qg8+ 30. Bg4 Bd6 31. Kh1 Rg7 32. Bh3 Qf7 33. Re1+ Ne7 34.
Qxf7+ Kxf7 35. Re6 Rg6 36. Re2 b4 37. Bg2 Re6 38. Rxe6 Kxe6 39. Bg5 bxc3 40.
bxc3 Ba3 41. Bxh4 Bb2 42. Bxe7 Kxe7 43. Bxd5 1/2-1/2

[Event "5. Torneo de Promoción de Almansa"]
[Site "Almansa ESP"]
[Date "2010.08.09"]
[Round "1.10"]
[White "Villasenor Rubio, Emilio Jose"]
[Black "Sabater Sanchez, Asensio"]
[Result "1-0"]
[WhiteElo "2045"]
[BlackElo "2256"]
[PlyCount "43"]
[EventDate "2010.08.09"]
[EventType "swiss"]
[EventRounds "9"]
[EventCountry "ESP"]
[Source "lmi"]
[SourceDate "2010.08.09"]

1. e4 c5 2. Nf3 e6 3. d4 cxd4 4. Nxd4 Nf6 5. Nc3 Bb4 6. e5 Nd5 7. Bd2 Nxc3 8.
bxc3 Be7 9. Qg4 g6 10. h4 h5 11. Qg3 Nc6 12. Bd3 Qa5 13. Nb5 a6 14. c4 Qb6 15.
Nd6+ Bxd6 16. exd6 Qc5 17. Bc3 Rg8 18. O-O f5 19. Rfe1 Kf7 20. Rad1 b5 21. Qg5
bxc4 22. Be4 1-0

[Event "5. Torneo de Promoción de Almansa"]
[Site "Almansa ESP"]
[Date "2010.08.09"]
[Round "1.11"]
[White "Pena Riasco, Alexander"]
[Black "Cucarella Montell, Angels"]
[Result "1-0"]
[WhiteElo "2255"]
[BlackElo "2041"]
[PlyCount "91"]
[EventDate "2010.08.09"]
[EventType "swiss"]
[EventRounds "9"]
[EventCountry "ESP"]
[Source "lmi"]
[SourceDate "2010.08.09"]

1. e4 c5 2. Nf3 e6 3. d4 cxd4 4. Nxd4 Nc6 5. Nc3 Qc7 6. Be3 a6 7. Qd2 Nf6 8. f3
Bb4 9. a3 Be7 10. g4 d6 11. g5 Nd7 12. f4 Na5 13. h4 b5 14. h5 Nb6 15. b3 Bd7
16. Bd3 Nb7 17. Nde2 Bc6 18. Rg1 d5 19. exd5 Nxd5 20. Nxd5 Bxd5 21. Qc3 Qxc3+
22. Nxc3 Bf3 23. h6 g6 24. Ne4 O-O-O 25. Kf2 Bxe4 26. Bxe4 f6 27. a4 Nc5 28.
Bf3 b4 29. gxf6 Bd6 30. Rgd1 Nb7 31. Be2 Rhf8 32. Bxa6 Rxf6 33. Ke2 Bc7 34.
Rxd8+ Bxd8 35. Rd1 Rf8 36. Bxb7+ Kxb7 37. Rd7+ Kc6 38. Rxh7 Bf6 39. Kd3 Bc3 40.
Ra7 Kd5 41. h7 e5 42. fxe5 Kxe5 43. a5 Kf5 44. Rc7 Be5 45. Rc5 Ke6 46. Rxe5+
1-0

[Event "5. Torneo de Promoción de Almansa"]
[Site "Almansa ESP"]
[Date "2010.08.09"]
[Round "1.12"]
[White "Lara Granero, Bio"]
[Black "Ayza Leon, David"]
[Result "1/2-1/2"]
[WhiteElo "2036"]
[BlackElo "2249"]
[PlyCount "83"]
[EventDate "2010.08.09"]
[EventType "swiss"]
[EventRounds "9"]
[EventCountry "ESP"]
[Source "lmi"]
[SourceDate "2010.08.09"]

1. e4 d6 2. f4 Nf6 3. Nc3 c6 4. d4 g6 5. Nf3 Bg7 6. Be2 O-O 7. O-O b5 8. e5
dxe5 9. fxe5 Nd5 10. Ne4 f6 11. c4 bxc4 12. Bxc4 Nd7 13. exf6 exf6 14. Qa4 Bb7
15. Bd2 N7b6 16. Qc2 Nxc4 17. Qxc4 Kh8 18. Nc5 Bc8 19. Rae1 Rb8 20. b4 Re8 21.
a3 Bg4 22. Rxe8+ Qxe8 23. Re1 Qc8 24. Qd3 Bf8 25. h3 Bf5 26. Qe2 Kg7 27. g4 Bd7
28. Qh2 Ra8 29. Qg3 h6 30. Nh4 g5 31. Ng2 Bxc5 32. dxc5 Qf8 33. Ne3 Nxe3 34.
Rxe3 Re8 35. Bc3 Rxe3 36. Qxe3 Qf7 37. Qd4 Qe6 38. Kf2 Kf7 39. Qd3 f5 40. gxf5
Qxf5+ 41. Qxf5+ Bxf5 42. Kg3 1/2-1/2

[Event "5. Torneo de Promoción de Almansa"]
[Site "Almansa ESP"]
[Date "2010.08.09"]
[Round "1.13"]
[White "Alcaraz Ortega, Javier"]
[Black "Machin Arbelo, Pedro Alexis"]
[Result "1-0"]
[WhiteElo "2242"]
[BlackElo "2032"]
[PlyCount "121"]
[EventDate "2010.08.09"]
[EventType "swiss"]
[EventRounds "9"]
[EventCountry "ESP"]
[Source "lmi"]
[SourceDate "2010.08.09"]

1. Nf3 Nf6 2. c4 e6 3. g3 b6 4. Bg2 Bb7 5. O-O Be7 6. Nc3 O-O 7. Re1 d5 8. cxd5
Nxd5 9. d4 c5 10. e4 cxd4 11. Nxd5 exd5 12. e5 Re8 13. Nxd4 Bb4 14. Bd2 Bc5 15.
Bc3 Nd7 16. b4 Bf8 17. f4 Rc8 18. Qd2 b5 19. a3 a6 20. Nb3 Nb6 21. Bd4 Nc4 22.
Qd3 a5 23. Bc5 a4 24. Bxf8 axb3 25. Bc5 b2 26. Ra2 Rxc5 27. bxc5 Qa5 28. Rd1 b4
29. a4 Qxc5+ 30. Kh1 Rc8 31. Qb3 Ne3 32. Rxb2 Nxd1 33. Qxd1 Qe3 34. Rb1 Rc5 35.
Qg1 Qc3 36. Qe1 g6 37. h3 b3 38. Qxc3 Rxc3 39. Kh2 Bc6 40. g4 Rc2 41. Kg3 b2
42. a5 Rc3+ 43. Kf2 Rc2+ 44. Kg3 Rc3+ 45. Kf2 Rb3 46. a6 Rb4 47. Ke3 Rb6 48.
Kd2 Kf8 49. Bf1 Ba4 50. a7 Bc6 51. Kc3 Bb7 52. Rxb2 d4+ 53. Kc2 Be4+ 54. Bd3
Rxb2+ 55. Kxb2 Bd5 56. Ka3 Ke7 57. Kb4 Bb7 58. Kc5 Kd7 59. Kb6 Ba8 60. Bb5+ Ke6
61. Bc6 1-0

[Event "5. Torneo de Promoción de Almansa"]
[Site "Almansa ESP"]
[Date "2010.08.09"]
[Round "1.14"]
[White "Garcia Roman, Jose Luis Machado"]
[Black "Jimenez Martinez, Jose Vicente"]
[Result "0-1"]
[WhiteElo "2031"]
[BlackElo "2241"]
[PlyCount "96"]
[EventDate "2010.08.09"]
[EventType "swiss"]
[EventRounds "9"]
[EventCountry "ESP"]
[Source "lmi"]
[SourceDate "2010.08.09"]

1. e4 d6 2. d4 g6 3. Nc3 Bg7 4. Be3 a6 5. a4 b6 6. Bc4 Bb7 7. f3 Nc6 8. Nge2 e6
9. O-O Nf6 10. Qd2 O-O 11. Bh6 d5 12. Bxg7 Kxg7 13. Ba2 Nb4 14. e5 Nd7 15. Bb1
c5 16. Nd1 f5 17. c3 Nc6 18. Bd3 Qe7 19. Nf2 Na5 20. Nc1 Rac8 21. dxc5 bxc5 22.
f4 c4 23. Bc2 Nc5 24. Qe3 Bc6 25. g4 Rb8 26. Ra2 Nab3 27. a5 Kh8 28. g5 Nxc1
29. Rxc1 Rb5 30. Rca1 Rfb8 31. Nd1 Qc7 32. Kf1 Kg7 33. h4 Qd7 34. Qd4 h6 35.
gxh6+ Kxh6 36. Qg1 Qe7 37. Qg5+ Qxg5 38. hxg5+ Kg7 39. Ba4 Nxa4 40. Rxa4 Rh8
41. Kf2 Rh4 42. Ke3 d4+ 43. cxd4 Rb3+ 44. Ke2 Rh2+ 45. Ke1 Rg3 46. Nf2 Bxa4 47.
Rxa4 Rg1+ 48. Ke2 Rgg2 0-1

[Event "5. Torneo de Promoción de Almansa"]
[Site "Almansa ESP"]
[Date "2010.08.09"]
[Round "1.15"]
[White "Cruz Lledo, Pablo"]
[Black "Zanoletty Garcia, David"]
[Result "1-0"]
[WhiteElo "2239"]
[BlackElo "2030"]
[PlyCount "59"]
[EventDate "2010.08.09"]
[EventType "swiss"]
[EventRounds "9"]
[EventCountry "ESP"]
[Source "lmi"]
[SourceDate "2010.08.09"]

1. d4 d5 2. Nf3 Nf6 3. e3 e6 4. Bd3 Nbd7 5. O-O b6 6. b3 Bb7 7. Bb2 Be7 8. Ne5
O-O 9. Nd2 a6 10. f4 c5 11. a4 Ne4 12. Rf3 f6 13. Nxd7 Qxd7 14. Rh3 g6 15. Qe2
Bd6 16. Bxe4 dxe4 17. Nc4 Bc7 18. dxc5 bxc5 19. Rd1 Qe7 20. g4 Rad8 21. Rf1 Rd5
22. Rg3 g5 23. Rg2 gxf4 24. exf4 Ba8 25. h4 e5 26. g5 f5 27. g6 hxg6 28. Rxg6+
Kf7 29. Qh5 Rh8 30. Rh6+ 1-0

[Event "5. Torneo de Promoción de Almansa"]
[Site "Almansa ESP"]
[Date "2010.08.10"]
[Round "2.1"]
[White "Jimenez Martin, Gustavo"]
[Black "Castella Garcia, Fausto"]
[Result "1/2-1/2"]
[WhiteElo "2161"]
[BlackElo "2334"]
[PlyCount "51"]
[EventDate "2010.08.09"]
[EventType "swiss"]
[EventRounds "9"]
[EventCountry "ESP"]
[Source "lmi"]
[SourceDate "2010.08.09"]

1. d4 Nf6 2. Nc3 d5 3. Bg5 g6 4. Qd2 Bg7 5. f3 c6 6. e4 dxe4 7. fxe4 h6 8. Bh4
O-O 9. Nf3 b5 10. Bd3 b4 11. Ne2 a5 12. O-O Na6 13. Ne5 Qc7 14. Qe3 c5 15. c3
bxc3 16. bxc3 Ng4 17. Nxg4 Bxg4 18. e5 cxd4 19. cxd4 Nb4 20. Be4 Rad8 21. Bf2
Nc2 22. Rfc1 Nxe3 23. Rxc7 Nd5 24. Bxd5 Rxd5 25. Nf4 Rd7 26. Rac1 1/2-1/2

[Event "5. Torneo de Promoción de Almansa"]
[Site "Almansa ESP"]
[Date "2010.08.10"]
[Round "2.2"]
[White "Unciti Juan, Javier"]
[Black "Bolado Saez, Sergio"]
[Result "0-1"]
[WhiteElo "2159"]
[BlackElo "2308"]
[PlyCount "87"]
[EventDate "2010.08.09"]
[EventType "swiss"]
[EventRounds "9"]
[EventCountry "ESP"]
[Source "lmi"]
[SourceDate "2010.08.09"]

1. d4 Nf6 2. Nf3 d6 3. c3 g6 4. Bg5 Bg7 5. Nbd2 Nbd7 6. e4 O-O 7. Bc4 e5 8.
dxe5 dxe5 9. O-O h6 10. Bh4 Qe7 11. Qe2 Re8 12. h3 Nf8 13. Bg3 Nh5 14. Bh2 Ne6
15. Bxe6 Qxe6 16. Qc4 Qe7 17. Rfe1 Be6 18. Qa4 Red8 19. Nc4 f6 20. Ne3 c6 21.
Rad1 a5 22. Rxd8+ Qxd8 23. Qc2 a4 24. c4 Bf8 25. Rd1 Qb6 26. g4 Ng7 27. Bg3 Bc5
28. Ng2 Qb4 29. b3 axb3 30. axb3 b5 31. Rc1 bxc4 32. bxc4 Ra3 33. Qd1 Kh7 34.
Qe2 Rc3 35. Rxc3 Qxc3 36. Ngh4 Bxc4 37. Qd1 Qd3 38. Qxd3 Bxd3 39. Bxe5 fxe5 40.
Nxg6 Bxe4 41. Ngxe5 Ne6 42. Nd2 Bd5 43. Nd3 Bd6 44. f3 0-1

[Event "5. Torneo de Promoción de Almansa"]
[Site "Almansa ESP"]
[Date "2010.08.10"]
[Round "2.3"]
[White "Sanchez Jerez, Emilio Miguel"]
[Black "Vilanova Corbi, Jorge"]
[Result "1-0"]
[WhiteElo "2301"]
[BlackElo "2139"]
[PlyCount "67"]
[EventDate "2010.08.09"]
[EventType "swiss"]
[EventRounds "9"]
[EventCountry "ESP"]
[Source "lmi"]
[SourceDate "2010.08.09"]

1. e4 e5 2. Bc4 Nf6 3. Nf3 Nxe4 4. Nc3 Nc6 5. O-O Nd6 6. Bb3 Be7 7. Re1 e4 8.
Nxe4 Nxe4 9. Rxe4 d5 10. Re1 Bg4 11. c3 O-O 12. d4 Bh5 13. Qd3 Na5 14. Bxd5
Qxd5 15. Re5 Bg6 16. Qe2 Qd6 17. Rxe7 Nc6 18. Re3 f6 19. Qb5 a6 20. Qf1 Rfe8
21. Bd2 Bf7 22. b3 a5 23. Rae1 a4 24. Rxe8+ Bxe8 25. b4 a3 26. b5 Na5 27. c4
Bf7 28. Rc1 c6 29. bxc6 bxc6 30. Qd3 Qb8 31. Rb1 Qd6 32. Rb4 c5 33. Ra4 cxd4
34. Qxa3 1-0

[Event "5. Torneo de Promoción de Almansa"]
[Site "Almansa ESP"]
[Date "2010.08.10"]
[Round "2.4"]
[White "Montoliu Cervero, Francisco"]
[Black "Lujan, Carolina"]
[Result "0-1"]
[WhiteElo "2153"]
[BlackElo "2296"]
[PlyCount "64"]
[EventDate "2010.08.09"]
[EventType "swiss"]
[EventRounds "9"]
[EventCountry "ESP"]
[Source "lmi"]
[SourceDate "2010.08.09"]

1. e4 c5 2. Nf3 e6 3. d4 cxd4 4. Nxd4 a6 5. Nc3 b5 6. Be3 Bb7 7. f3 Qc7 8. Qd2
Nf6 9. O-O-O Bb4 10. Kb1 Bxc3 11. bxc3 d5 12. Nb3 O-O 13. e5 Nfd7 14. f4 Nb6
15. Bc5 Na4 16. Bxf8 Nxc3+ 17. Ka1 Kxf8 18. Re1 Nd7 19. Re3 Rc8 20. Bd3 d4 21.
Rh3 h6 22. Rf1 Bd5 23. Qc1 Bxg2 24. Rg3 Bxf1 25. Qxf1 Na4 26. Kb1 Nc3+ 27. Ka1
Nc5 28. Qc1 Nxb3+ 29. cxb3 Nd5 30. Qxc7 Rxc7 31. Rg4 Rc3 32. Be4 f5 0-1

[Event "5. Torneo de Promoción de Almansa"]
[Site "Almansa ESP"]
[Date "2010.08.10"]
[Round "2.5"]
[White "Gil Quilez, David"]
[Black "Pons Carreras, David"]
[Result "1/2-1/2"]
[WhiteElo "2133"]
[BlackElo "2292"]
[PlyCount "78"]
[EventDate "2010.08.09"]
[EventType "swiss"]
[EventRounds "9"]
[EventCountry "ESP"]
[Source "lmi"]
[SourceDate "2010.08.09"]

1. e4 c5 2. Nf3 Nc6 3. d4 cxd4 4. Nxd4 e5 5. Nb5 d6 6. N1c3 a6 7. Na3 Be7 8.
Nd5 Nf6 9. Nxf6+ Bxf6 10. Nc4 Be7 11. Be3 Be6 12. Nb6 Rb8 13. Qd2 O-O 14. Be2
h6 15. O-O Bg5 16. Nc4 Nd4 17. c3 Nxe2+ 18. Qxe2 Bxc4 19. Qxc4 Bxe3 20. fxe3
Qb6 21. Qe2 Qc6 22. Qd3 Rfd8 23. Rad1 Rbc8 24. Qd5 Rc7 25. Rf2 Qb6 26. Rd3 Qc6
27. Qxc6 Rxc6 28. Rfd2 Kf8 29. Kf2 Ke7 30. Kf3 Rdc8 31. g4 Rh8 32. h4 h5 33. g5
Rf8 34. Rg2 g6 35. b3 b5 36. Ke2 f6 37. gxf6+ Rxf6 38. Rf2 Rxf2+ 39. Kxf2 Rc8
1/2-1/2

[Event "5. Torneo de Promoción de Almansa"]
[Site "Almansa ESP"]
[Date "2010.08.10"]
[Round "2.6"]
[White "Silva Rodriguez, Julio"]
[Black "Peña Riasco, Alexander"]
[Result "1/2-1/2"]
[WhiteElo "2126"]
[BlackElo "2255"]
[PlyCount "105"]
[EventDate "2010.08.09"]
[EventType "swiss"]
[EventRounds "9"]
[EventCountry "ESP"]
[Source "lmi"]
[SourceDate "2010.08.09"]

1. e4 c5 2. Nf3 d6 3. d4 cxd4 4. Nxd4 Nf6 5. Nc3 a6 6. g3 e5 7. Nb3 h6 8. a4 b6
9. Bg2 Bb7 10. O-O Be7 11. Re1 Nbd7 12. Nd2 O-O 13. Nf1 Qc7 14. Ne3 Rfe8 15.
Qd3 Bf8 16. Ncd5 Nxd5 17. exd5 e4 18. Qe2 Nf6 19. c4 Bc8 20. b3 g6 21. Bb2 Bg7
22. Rac1 Bd7 23. Qc2 Re7 24. Bxf6 Bxf6 25. Bxe4 Rae8 26. Bf3 a5 27. Qd2 Qc5 28.
Bg4 Rxe3 29. Bxd7 Qd4 30. Red1 Qxd2 31. Rxd2 Re2 32. Rcc2 Re1+ 33. Kg2 R8e7 34.
Bc6 g5 35. h3 h5 36. Kf3 Kg7 37. g4 h4 38. Re2 R7xe2 39. Rxe2 Rb1 40. Kg2 Rxb3
41. Bd7 Rc3 42. Bb5 Be5 43. Re3 Rc2 44. Kf3 Kg6 45. Re2 Rc1 46. Kg2 f5 47.
gxf5+ Kxf5 48. Bd7+ Kf4 49. Bb5 Rc3 50. f3 Rxf3 51. Rf2 g4 52. Rxf3+ gxf3+ 53.
Kf1 1/2-1/2

[Event "5. Torneo de Promoción de Almansa"]
[Site "Almansa ESP"]
[Date "2010.08.10"]
[Round "2.7"]
[White "Escudero Manzano, Alejandro"]
[Black "Alcaraz Ortega, Javier"]
[Result "1/2-1/2"]
[WhiteElo "2125"]
[BlackElo "2242"]
[PlyCount "110"]
[EventDate "2010.08.09"]
[EventType "swiss"]
[EventRounds "9"]
[EventCountry "ESP"]
[Source "lmi"]
[SourceDate "2010.08.09"]

1. e4 Nf6 2. e5 Nd5 3. Nc3 Nxc3 4. bxc3 d5 5. d4 c5 6. f4 Nc6 7. Nf3 Bg4 8. Be2
e6 9. O-O h5 10. Kh1 Be7 11. h3 Rc8 12. Be3 Bxf3 13. Bxf3 g6 14. Rb1 Na5 15.
Be2 c4 16. Qe1 h4 17. Qf2 Qd7 18. Bg4 Nc6 19. Be2 Bf8 20. Qf3 Ne7 21. Kg1 b6
22. Qf2 Nf5 23. Bf3 Be7 24. Qd2 Qa4 25. Bf2 b5 26. Bg4 Kd7 27. Rfe1 Rb8 28. Rf1
Rb6 29. Rfd1 Rhb8 30. Qe1 Rh8 31. Qd2 Ra6 32. Rb2 Rc6 33. Rbb1 a6 34. Rf1 Rb8
35. Qe1 Qxc2 36. Bxf5 gxf5 37. Bxh4 Rg8 38. Rf2 Qd3 39. Bxe7 Kxe7 40. Kh1 Rg3
41. Rc1 Re3 42. Qd2 Qe4 43. Kh2 Rc8 44. Qb2 Rc6 45. a4 Kf8 46. axb5 axb5 47.
Qxb5 Rc8 48. Qd7 Ra8 49. Qb7 Re8 50. Ra1 Kg8 51. Ra7 Rf8 52. Qe7 Rxc3 53. Qg5+
Kh7 54. Qh5+ Kg7 55. Qg5+ Kh7 1/2-1/2